000 00528nam a2200169Ia 4500
008 140529s9999 xx 000 0 und d
020 _a9789814281713
050 _aHG 4026
_b.Sm636 2009
100 _aSmart, Scott B.
245 _aFinancial management :
_ban introduction /
_cScott B. Smart, William L. Megginson
260 _aSingapore :
_bCengage Learning Asia Pte Ltd.,
_cc2009.
300 _a648 p. :
_bill. ;
_c23 cm.
500 _aIncludes glossary and index.
521 _aBSBA
942 _kFOR
_cBK
999 _c117776
_d117776